Toàn cảnh triết học Âu - Mỹ thế kỷ XX /

Đã lưu trong:
Chi tiết về thư mục
Tác giả chính: Phan Quang Định
Tác giả khác: Nguyen Nam Son gioi thieu
Định dạng: Sách
Ngôn ngữ:Vietnamese
Được phát hành: Hà Nội : NXB văn học. 2008
Những chủ đề:
Các nhãn: Thêm thẻ
Không có thẻ, Là người đầu tiên thẻ bản ghi này!
Thư viện lưu trữ: Mạng thư viện Đại học Đà Nẵng
LEADER 01068nam a22003251a 4500
001 000039304
003 15599
005 20230224103124.0
008 160412s2008 000
020 |c 160000 
040 |a LNN 
041 |a vie 
082 |a 410  |b PH-Đ  |2 19 
100 |a Phan Quang Định 
245 0 |a Toàn cảnh triết học Âu - Mỹ thế kỷ XX /  |c Phan Văn Định…. 
260 |c 2008  |a Hà Nội :  |b NXB văn học. 
300 |a 826tr ;  |c 24cm. 
653 |a triết học Âu - Mỹ  |a thế kỷ XX  |a triết học 
700 |a Nguyen Nam Son  |b gioi thieu 
811 |a Tieng viet  |b Sach 
OWN |a LNN 
AVA |a UDN50  |b LNN  |d 410 PH-Đ  |e available  |t Error 5001 Not defined in file expand_doc_bib_avail.  |f 1  |g 0  |h N  |i 0  |k 1 
999 |a From the UDN01 
AVA |a UDN50  |b LNN  |d 410 PH-Đ  |e available  |t Error 5001 Not defined in file expand_doc_bib_avail.  |f 1  |g 0  |h N  |i 0  |k 1 
TYP |a Conference 
TYP |a Monograph 
980 |a Mạng thư viện Đại học Đà Nẵng